| 000 | 01212nac a22003491ia4500 | ||
|---|---|---|---|
| 003 | EG-ScBUE | ||
| 005 | 20250611092149.0 | ||
| 008 | 250410t2006 caua f 001 0 eng d | ||
| 020 | _a0805390464 (volume 1) | ||
| 020 | _a0805390472 (volume 2) | ||
| 020 | _a0805390499 (volume 3) | ||
| 040 |
_aEG-ScBUE _beng _erda _cEG-ScBUE _dEG-ScBUE |
||
| 082 | 0 | 4 |
_a530 _bFEY _222 |
| 100 | 1 |
_aFeynman, Richard Phill, _eauthor. |
|
| 245 | 1 | 4 |
_aThe Feynman lectures on physics / _cFeynman, Leighton, Sands. |
| 250 | _aDefinitive edition. | ||
| 264 | 1 |
_aSan Francisco : _bPearson/Addison-Wesley, _c[2006] |
|
| 264 | 4 | _cc2006 | |
| 300 |
_a3 volumes : _billustrations ; _c29 cm |
||
| 336 |
_2rdacontent _atext _btxt |
||
| 337 |
_aunmediated _2rdamedia _bn |
||
| 338 |
_avolume _bnc _2rdacarrier |
||
| 500 | _aOriginally published : 1963-1965. | ||
| 500 | _a"Commemorative issue." | ||
| 500 | _aIncludes indexes. | ||
| 505 | 0 | _aVolume 1. Mainly mechanics, radiation, and heat -- Volume 2. Mainly electromagnetism and matter -- Volume 3. Quantum mechanics. | |
| 650 | 7 |
_aPhysics. _2BUEsh |
|
| 655 | _vReading book | ||
| 700 | 1 |
_aLeighton, Robert B., _eauthor. |
|
| 700 | 1 |
_aSands, Matthew L., _eauthor. |
|
| 942 |
_cBB _2ddc |
||
| 999 |
_c294 _d294 |
||